SQL PL SQL THE PROGRAMMING LANGUAGE OF O (Record no. 9484)
[ view plain ]
| 000 -LEADER | |
|---|---|
| fixed length control field | 00381nam a2200145Ia 4500 |
| 008 - FIXED-LENGTH DATA ELEMENTS--GENERAL INFORMATION | |
| fixed length control field | 240624s9999 xx 000 0 und d |
| 041 ## - LANGUAGE CODE | |
| Language code of text/sound track or separate title | eng |
| 082 ## - DEWEY DECIMAL CLASSIFICATION NUMBER | |
| Classification number | 005.758 BAY |
| 100 ## - MAIN ENTRY--PERSONAL NAME | |
| Personal name | BAYROSS IVAN |
| 245 ## - TITLE STATEMENT | |
| Title | SQL PL SQL THE PROGRAMMING LANGUAGE OF O |
| 250 ## - EDITION STATEMENT | |
| Edition statement | (3rd ed.) |
| 260 ## - PUBLICATION, DISTRIBUTION, ETC. | |
| Date of publication, distribution, etc. | 2008 |
| Place of publication, distribution, etc. | New Delhi |
| Name of publisher, distributor, etc. | BPB Publications |
| 300 ## - PHYSICAL DESCRIPTION | |
| Extent | xi, : 443 : p. : cm. ; 24 |
| 365 ## - TRADE PRICE | |
| Currency code | RS |
| Price amount | 35 |
| Withdrawn status | Lost status | Damaged status | Not for loan | Home library | Current library | Shelving location | Date acquired | Source of acquisition | Cost, normal purchase price | Total Checkouts | Total Holds | Full call number | Barcode | Date last seen | Date last checked out | Copy number | Price effective from | Koha item type |
|---|---|---|---|---|---|---|---|---|---|---|---|---|---|---|---|---|---|---|
| IMTN | IMTN | Rack 3-B | 08/19/2008 | IBH | 360.00 | 2 | 1205 | 005.758 BAY | 9484 | 11/10/2025 | 10/10/2025 | 1 | 06/24/2024 | Books |